000 00950nam a22002657a 4500
999 _c20955
_d20955
003 AR-CdUCM
008 190327b ||||| |||| 00| 0 spa d
040 _aMUNICIPALIDAD PROVINCIAL DEL CUSCO
_cBIBLIOTECA MUNICIPAL DEL CUSCO
041 _hrus
082 _a305.31 /
_bL47
100 _aLeontiev, A. N.
_924942
110 _aAcademia de Ciencias Pedagógicas de la R.S.F.S.R.
_943720
245 _aEl hombre y la cultura :
_bProblemas teóricos sobre educación /
260 _aMexico, D. F. :
_bGrijalbo,
_c1969.
300 _a160 páginas ;
_c19 cm.
440 _n70
_943721
500 _a[libro reempastado]
505 _aContenido: El hombre y la cultura -- Sobre la formación de las aptitudes -- La génesis del pensamiento en la psicología...
650 _aPsicología.
_91538
650 _aPsiquis.
_924939
650 _aEducación
_9460
700 _aUsova, A. P., Garaudy, Roger
_943722
942 _2ddc
_cLIBROS
945 _aAndy